000 00376nam a2200145Ia 4500
008 230711s9999||||xx |||||||||||||| ||und||
041 _aENG
082 _a621
_bSA-H
100 _aSanders
245 0 _aHuman factors in engineering and design
250 _a7th Ed.
260 _c1993
_aNew York
_bTata McGraw Hill Education Limited
650 _aCivil Engineering
942 _cBK
999 _c3522
_d3522